LEADER 01107nam--2200373---450- 001 990005790950203316 005 20121220101804.0 010 $a90-04-05707-2 035 $a000579095 035 $aUSA01000579095 035 $a(ALEPH)000579095USA01 035 $a000579095 100 $a20121220d1978----km-y0itay50------ba 101 $aeng 102 $aNL 105 $a||||||||001yy 200 1 $a<> sentences of Pseudo-Phocylides$fwith introduction and commentary by P. W. van der Horst 210 $aLeiden$cE. J. Brill$d1978 215 $aXII, 295 p.$d25 cm 225 2 $aStudia in Veteris Testamenti pseudepigrapha$v4 410 0$12001$aStudia in Veteris Testamenti pseudepigrapha$v4 606 0 $2BNCF 676 $a229 702 1$aHORST,$bPieter W. : van der 702 1$aPHOCYLIDES 702 1$aPSEUDO-PHOCYLIDES 801 0$aIT$bsalbc$gISBD 912 $a990005790950203316 951 $aXV.8. 603$b224221 L.M.$cXV.8. 959 $aBK 969 $aFSO 979 $aIANNONE$b90$c20121220$lUSA01$h1018 996 $aSentences of Pseudo-Phocylides$91081182 997 $aUNISA LEADER 02315nam0 2200361 i 450 001 CFI0288162 005 20251003044138.0 010 $a8871049594 020 $aIT$b95-1436 100 $a20050712d1994 ||||0itac50 ba 101 | $aita 102 $ait 181 1$6z01$ai $bxxxe 182 1$6z01$an 200 1 $aCompendio di computisteria$fLoredana Puzo 210 $aNapoli [etc.]$cEdizioni scientifiche italiane$d1994 215 $a224 p.$d24 cm. 225 | $aESI-uni$v35 410 0$1001CFI0258046$12001 $aESI-uni$v35 606 $aComputisteria$2FIR$3CFIC056000$9E 676 $a657.2$9CONTABILITA. Tenuta dei libri contabili (Tenuta delle scritture contabili)$v23 700 1$aPuzo$b, Loredana$3CFIV145211$4070$0437458 801 3$aIT$bIT-000000$c20050712 850 $aIT-BN0095 $aIT-AV0007 $aIT-NA0079 901 $bNAP 01$cLT $n$ 901 $bNAP BN$cMAGAZZINO $nmagazzini correnti divisi per anni 901 $bNAP AV$cSEZ. M 3 $n$ 901 $bNAP 01$cPOZZO LIB.$nVi sono collocati fondi di economia, periodici di ingegneria e scienze, periodici di economia e statistica e altri fondi comprendenti documenti di economia pervenuti in dono. 912 $aCFI0288162 950 0$aBiblioteca Centralizzata di Ateneo$c1 v.$d 01LT (AR) 15 B 702$e 01AR 0700157025 VMA A4 1 v.$fB $h20140304$i20140304$c1 v.$d 01LT (AR) 15 B 703$e 01AR 0700157035 VMA A4(bis 1 v. (2. copia)$fY $h20190517$i20190517$c1 v. in due copie$d 01POZZO LIB.DONI DEMM 585$e 01 0000096135E VMA 1 v.$fB $h20230427$i20231219$c1 v. in due copie$d 01POZZO LIB.DONI DEMM 585$e 01 0000096145E VMA (bis 1 v. (2. copia)$fB $h20230427$i20231219$c1 v. in due copie$d 01POZZO LIB.ECON MON 8627$e 0101 0000097385E VMA A4 1 v. (Precedente collocazione GUERRAZZI B 980)$fB $h20080305$i20080305$c1 v. in due copie$d 01POZZO LIB.ECON MON 8627$e 0101 0000097395E VMA A4(bis 1 v. (2. copia. - Precedente collocazione GUERRAZZI B 980 bis))$fB $h20080305$i20080305 977 $a 01$a AV$a BN 996 $aCompendio di computisteria$941238 997 $aUNISANNIO